| 000 | 00529nam a22001577a 4500 | ||
|---|---|---|---|
| 003 | OSt | ||
| 005 | 20120302150222.0 | ||
| 008 | 090622t xxu||||| |||| 00| 0 eng d | ||
| 035 | _a५४५५ | ||
| 040 | _cमराठी | ||
| 100 |
_aहर्षे, द. स. _96622 |
||
| 245 | _aवाटचालीतील भेटलेले गुरुजन | ||
| 250 | _a१ ली | ||
| 260 |
_aसातारा _bहिंदू राष्ट्र जागृती _c१९८५ |
||
| 300 | _b२५६ पाने | ||
| 999 |
_c491633 _d491630 |
||